000 01116cam a22002774a 4500
999 _c330208
_d330208
001 12440282
003 NUST
005 20180125094640.0
008 010613s2002 caua 000 0 eng
010 _a 2001092383
020 _a0122191358 (alk. paper)
040 _aDLC
_cDLC
_dDLC
042 _apcc
050 0 0 _aQH541.5.F7
_bD63 2002
082 0 0 _a577.6 DOD
_221
100 1 _aDodds, Walter K.
_q(Walter Kennedy),
_d1958-
_92607
245 1 0 _aFreshwater ecology :
_bconcepts and environmental applications /
_cWalter K. Dodds.
260 _aSan Diego :
_bAcademic Press,
_cc2002.
300 _axx, 569 p. :
_bill. ;
_c26 cm.
440 0 _aAquatic ecology series
_92608
500 _aH.B
650 0 _aFreshwater ecology
_vTextbooks.
_92609
650 0 _aLimnology
_vTextbooks.
_92610
856 4 2 _3Publisher description
_uhttp://www.loc.gov/catdir/description/els031/2001092383.html
856 4 1 _3Table of contents
_uhttp://www.loc.gov/catdir/toc/fy031/2001092383.html
906 _a7
_bcbc
_corignew
_d2
_eepcn
_f20
_gy-gencatlg
942 _2ddc
_cREF
_kIESE